000 00445nam a22001697a 4500
999 _c7925
_d7923
005 20220215102225.0
008 220215b ||||| |||| 00| 0 eng d
020 _a9788188449903
041 _aeng
082 _a613.2
100 _aBOTHARA , SUNIL B
_97085
245 _aESSENTIALS OF EXPERMENTAL PHARMACOLOGY: GENERAL CONCEPTS[VOL-1]
260 _aHYDERABAD
_bPHARMA MED PRESS
300 _a217 P.
650 _aPHARMACY
_97086
942 _cBK